000
00176nam a2200085 4500
001
1255807
005
20251212143952.0
245
_a
DEFİNE AVI R.TAYFA
_c
.
260
_b
ERDEM ÇOCUK
999
_c
1255807
_d
1255807